Nombra los países de Medio Oriente y luego las capitales - Estadísticas

Estadísticas generales
  • Esta prueba ha sido intentada 66 veces
  • La puntuación promedio es 26 de 34
Estadísticas de respuestas
Respuesta % Correcto
Irak
96%
Irán
96%
Israel
96%
Omán
96%
Yemen
96%
Catar
92%
Arabia Saudita
90%
Turquía
90%
Egipto
88%
Emiratos Árabes Unidos
88%
Líbano
88%
Siria
88%
Bahrein
87%
El Cairo
85%
Jordania
85%
Kuwait
85%
Jerusalén
83%
Bagdad
81%
Ankara
77%
Damasco
77%
Riad
75%
Teherán
75%
Abu Dabi
73%
Beirut
73%
Chipre
73%
Doha
69%
Amán
67%
Saná
62%
Mascate
58%
Nicosia
58%
Manama
48%
Palestina
48%
Ciudad de Kuwait
33%
Ramala
12%
No se encontraron pruebas coincidentes
Distribución de puntuación
Porcentaje de gente con cada puntuación
Porcentaje por número respondido
Historial de tus puntuaciones
No has intentado esta prueba.